000 00838nam a2200253 a 4500
005 20151117024542.0
008 140226b1992 txu||||| |||| 00| 0 eng d
040 _aCO-BoIAVH
_cCO-BoIAVH
041 _aspa
044 _axxu
090 _aLB
_b01203
100 _aSobrevila, Claudia
_911325
245 _aEvaluación ecológica rápida
_bmanual para usuarios de América Latina y el Caribe
260 _aArlington
_bPrograma de Ciencias para América Latina
_bNature Conservancy
_c1992
300 _a232 p.
650 _aEvaluaciones ecológicas rápidas (RAP's)
_910620
650 _aManual del usuario
_941994
650 _aSensores remotos
_941995
650 _aFotografía aérea
_911327
650 _aMétodos de campo
_93855
650 _aAnálisis de resultados
_911328
700 _aBath, Paquita
_911329
942 _cINFORME
_2z
999 _c1213
_d1213